Dud,the jealous duckling

Bibliographic Details
Format: Book
Published: Selangor : Early Learner , 2005
Series:Value based baby animal stories
Subjects:

MARC

LEADER 00000cam a2200000 7i4500
001 0000004751
005 20220105104005.0
008 070730
020 |a 9833278116(set) 
020 |a 9833278191 
090 0 0 |a JP   |b EL ENG (4316) 
245 0 0 |a Dud,the jealous duckling 
260 |a Selangor :   |b Early Learner ,   |c 2005 
440 0 |a Value based baby animal stories 
500 |a Children age 4-6 years old (yellow) 
650 0 |a Early learning 
650 0 |a Junior preschool   |x English   |x Languages 
999 |a 0000983017   |b Book   |c Children Collection   |e Cawangan Taman Universiti 
999 |a 0000983019   |b Book   |c Children Collection   |e Perbadanan Perpustakaan Awam Johor 
999 |a 0000983020   |b Book   |c Children Collection   |e Cawangan Bandar Tenggara